000 00194nam a2200085 4500
001 1234085
005 20250926113625.0
245 _aSEVGİLİ PEYGAMBERİM
_cMUZAFFER AKTÜRK
260 _bA.G.V/ M.G.V
999 _c1234085
_d1234085